000 00294nam a2200109Ia 4500
008 210430s9999 xx 000 0 und d
082 _a514M9631 T
100 _aJames R. Munkres
_953226
245 _aTopology
_cJames R. Munkres
260 _aIslamabad
_bJames R. Munkres
_c2010
942 _cBK
_2ddc
999 _c563101
_d563101